|
|
|
|
| LEADER |
02652nam a22004573i 4500 |
| 001 |
EBC6913525 |
| 003 |
MiAaPQ |
| 005 |
20231204023221.0 |
| 006 |
m o d | |
| 007 |
cr cnu|||||||| |
| 008 |
231204s2021 xx o ||||0 cze d |
| 020 |
|
|
|a 9788021091429
|q (electronic bk.)
|
| 020 |
|
|
|z 9788021091412
|
| 035 |
|
|
|a (MiAaPQ)EBC6913525
|
| 035 |
|
|
|a (Au-PeEL)EBL6913525
|
| 035 |
|
|
|a (OCoLC)1305846211
|
| 040 |
|
|
|a MiAaPQ
|b eng
|e rda
|e pn
|c MiAaPQ
|d MiAaPQ
|
| 100 |
1 |
|
|a Odehnalová, Lenka.
|
| 245 |
1 |
0 |
|a Slovanský literární svět :
|b kontexty a konfrontace IV.
|
| 250 |
|
|
|a 1st ed.
|
| 264 |
|
1 |
|a Brno :
|b Masaryk University,
|c 2021.
|
| 264 |
|
4 |
|c {copy}2021.
|
| 300 |
|
|
|a 1 online resource (95 pages)
|
| 336 |
|
|
|a text
|b txt
|2 rdacontent
|
| 337 |
|
|
|a computer
|b c
|2 rdamedia
|
| 338 |
|
|
|a online resource
|b cr
|2 rdacarrier
|
| 505 |
0 |
|
|a Intro -- OBSAH -- NĚKOLIK SLOV NA ÚVOD -- RUSKÝ EXILOVÝ ČASOPIS СИНТАКСИС (1978-2001, PAŘÍŽ) A PLURALISMUS ANDREJE SIŇAVSKÉHO -- „BO ŻYWI ZAWSZE MAJĄ RACJĘ PRZECIW UMARŁYM" - RZECZYWISTOŚĆ OBOZÓW KONCENTRACYJNYCH NA PODSTAWIE POWIEŚCI RUDOLFA VRBY UTEKL JSEM Z OSVĚTIMI I OPOWIADAŃ TADEUSZA BOROWSKIEGO -- INŽINIER RIAVA OČAMI LITERÁRNYCH KRITIKOV -- RODINA A POSTAVY OTCE, MATKY A SOUROZENCŮ V DÍLE JANA BALABÁNA OPTIKOU ANTROPOLOGIE LITERATURY -- ОБРАЗ САНКТ-ПЕТЕРБУРГА В ТВОРЧЕСТВЕ А. АСТВАЦАТУРОВА -- SOLOVJOVŮV IDEÁLNÍ DIALOG NAHLÍŽENÝ Z HLEDISKA GENOLOGICKÉHO -- KONTRASTNÉ A PARALELNÉ VYUŽITIE PRÍRODNÝCH OPISOV V ROMÁNOCH RUDIN, ZLOČIN A TREST A VZKRIESENIE -- LITERÁRNA ČINNOSŤ PAVLA GAŠPAROVIČA HLBINU V ČASE VYDANIA ZBIERKY CESTA DO RAJA (1933).
|
| 588 |
|
|
|a Description based on publisher supplied metadata and other sources.
|
| 590 |
|
|
|a Electronic reproduction. Ann Arbor, Michigan : ProQuest Ebook Central, 2023. Available via World Wide Web. Access may be limited to ProQuest Ebook Central affiliated libraries.
|
| 655 |
|
4 |
|a Electronic books.
|
| 700 |
1 |
|
|a Danielová, Anna.
|
| 700 |
1 |
|
|a Dąbrowska, Katarzyna.
|
| 700 |
1 |
|
|a Krajanová, Kristína.
|
| 700 |
1 |
|
|a Michálková, Světlana.
|
| 700 |
1 |
|
|a Poledníková, Markéta.
|
| 700 |
1 |
|
|a Radimáková, Kristína.
|
| 700 |
1 |
|
|a Markoš, Martin.
|
| 700 |
1 |
|
|a Tollarovič, Peter.
|
| 776 |
0 |
8 |
|i Print version:
|a Odehnalová, Lenka
|t Slovanský literární svět: kontexty a konfrontace IV
|d Brno : Masaryk University,c2021
|z 9788021091412
|
| 797 |
2 |
|
|a ProQuest (Firm)
|
| 856 |
4 |
0 |
|u https://ebookcentral.proquest.com/lib/matrademy/detail.action?docID=6913525
|z Click to View
|